ঢাকা শহরের নিম্নবর্গের ইতিহাস

Dettagli Bibliografici
Autore principale: রহমান, গাজী মিজানুর (Autore)
Natura: Libro
Lingua:Bengali
Pubblicazione: ঢাকা : গতিধারা, ২০২৫.
Soggetti:
Classic Catalogue: View this record in Classic Catalogue
LEADER 01948nam a22003017a 4500
001 44516
003 BD-DhAAL
005 20250727113250.0
008 250727t2025 bg ab||| b||| 000 0 ben d
020 |a 9789848950951 
040 |a BD-DhAAL  |c BD-DhAAL 
041 |a ben 
082 |a 954.922  |2 23 
100 |a রহমান, গাজী মিজানুর,  |e author.  |9 58860 
245 |a ঢাকা শহরের নিম্নবর্গের ইতিহাস  |g (১৮৬৪-১৯০৫) /  |c গাজী মিজানুর রহমান. 
260 |a ঢাকা :  |b গতিধারা,  |c ২০২৫. 
300 |a ১৯১ পৃষ্ঠা :  |b মানচিত্র ;  |c ২২ সে.মি. 
500 |a প্রথম প্রকাশ. 
504 |a গ্রন্থপঞ্জিগত নির্দেশিকা অন্তর্ভুক্ত. 
541 |a Complimentary copy from Gazi Mizanur Rahman, Assistant Professor, BRAC University  |e 44516, 44517 
650 |a Social classes  |z Bangladesh  |z Dhaka  |x History.  |9 58861 
650 |a Marginality, Social  |z Bangladesh  |z Dhaka  |x History.  |9 58862 
651 |a Dhaka (Bangladesh)  |x History. 
852 |a Ayesha Abed Library  |c General Stacks 
942 |2 ddc  |c BK 
999 |c 47357  |d 47357 
952 |0 0  |1 0  |2 ddc  |4 0  |6 954_922000000000000_RAH  |7 0  |9 77913  |a BRACUL  |b BRACUL  |c GEN  |d 2025-07-27  |e Complimentary copy from Gazi Mizanur Rahman, Assistant Professor, BRAC University  |g 450.00  |l 0  |o 954.922 RAH  |p 3010044516  |r 2025-10-16  |t 1  |v 900.00  |w 2025-07-27  |y BK  |x Complimentary copy from Gazi Mizanur Rahman, Assistant Professor, BRAC University ; 
952 |0 0  |1 0  |2 ddc  |4 0  |6 954_922000000000000_RAH  |7 0  |9 77914  |a BRACUL  |b BRACUL  |c GEN  |d 2025-07-27  |e Complimentary copy from Gazi Mizanur Rahman, Assistant Professor, BRAC University  |g 450.00  |l 0  |o 954.922 RAH  |p 3010044517  |r 2025-07-27  |t 2  |v 900.00  |w 2025-07-27  |y BK  |x Complimentary copy from Gazi Mizanur Rahman, Assistant Professor, BRAC University